000
00187nam a2200073Ia 4500
008
170523s9999 xx 000 0 und d
100
_a
Borgnakke- Claus
245
0
_a
Fundamentals of Thermodynamics
260
_a
Wiley India
999
_c
12215
_d
12215